000 00963nam a2200337Ia 4500
003 EC-GqESP
005 20251105153400.0
008 250425s9999 xx 000 0 und d
010 _a53563
020 _a9702604915
041 _aspa
043 _amx
082 _a658.83
_pMAL
100 _aMALHOTRA, NARESH K.
245 0 _aINVESTIGACIÓN DE MERCADOS: UN ENFOQUE APLICADO
250 _a4A ED.
260 _aMEXICO
260 _aMéxico
_bPEARSON EDUCACION
_c2004
300 _a713
500 _aTítulo Traducido: MARKETING RESEACHER: AN APPLIED ORIENTATION
650 _aANALISIS FACTORIAL
650 _aANALISIS FACTORIAL
650 _aEVALUACION DE PROYECTOS
650 _aEVALUACION DE PROYECTOS
650 _aINVESTIGACION DE MERCADOS
650 _aINVESTIGACION DE MERCADOS
650 _aTECNICAS DE MUESTREO
650 _aTECNICAS DE MUESTREO
700 _aDAVILA MARTINEZ, JOSE FRANCISCO JAVIER
_etraductor
942 _c01
999 _c223470
_d223470